PRINCIPLES OF ECONOMICS (Record no. 26737)

MARC details
000 -LEADER
fixed length control field 00298nam a22001457a 4500
003 - CONTROL NUMBER IDENTIFIER
control field SGT
020 ## - INTERNATIONAL STANDARD BOOK NUMBER
International Standard Book Number 9788131517390
082 ## - DEWEY DECIMAL CLASSIFICATION NUMBER
Classification number 330
Item number MAN
100 ## - MAIN ENTRY--PERSONAL NAME
Personal name MANKIW GREGORY N
245 ## - TITLE STATEMENT
Title PRINCIPLES OF ECONOMICS
250 ## - EDITION STATEMENT
Edition statement 6
260 ## - PUBLICATION, DISTRIBUTION, ETC. (IMPRINT)
Place of publication, distribution, etc UK
Name of publisher, distributor, etc CENGAGE
Year of Publication 2012
300 ## - PAGE DESCRIPTION
No. of Pages 854
942 ## - ADDED ENTRY ELEMENTS (KOHA)
Source of classification or shelving scheme Dewey Decimal Classification
Koha item type Books
942 ## - ADDED ENTRY ELEMENTS (KOHA)
-- 2
Holdings
Withdrawn status Lost status Source of classification or shelving scheme Damaged status Not for loan Collection code Home library Current library Shelving location Date acquired SGTU Total Checkouts Full call number Accession No. (Barcode) Date last seen Date last borrowed Bill Date Koha item type
    Dewey Decimal Classification     COMMERCE MANAGEMENT SGT Science & Social Sciences Library SGT Science & Social Sciences Library Text Book 01/08/2024 SGTU 2 330 MAN CM7096 10/01/2025 20/12/2024 01/08/2024 Books